Sonora : (Record no. 158004)

MARC details
000 -LEADER
fixed length control field 00709nam a22001937a 4500
005 - DATE AND TIME OF LATEST TRANSACTION
control field 20250303103444.0
008 - FIXED-LENGTH DATA ELEMENTS--GENERAL INFORMATION
fixed length control field 211013b mx ||||| |||| 00| 0 spa d
020 ## - INTERNATIONAL STANDARD BOOK NUMBER
International Standard Book Number 9686173897 (obra completa)
020 ## - INTERNATIONAL STANDARD BOOK NUMBER
International Standard Book Number 9686173900 (tomo I)
020 ## - INTERNATIONAL STANDARD BOOK NUMBER
International Standard Book Number 9686173919 (tomo II)
050 04 - LIBRARY OF CONGRESS CALL NUMBER
Classification number F1346.5
Item number S66 1989
245 00 - TITLE STATEMENT
Title Sonora :
Remainder of title textos de su historia /
Statement of responsibility, etc Mario Cuevas Arámburu, compilador.
250 ## - EDITION STATEMENT
Edition statement Primera edición.
260 ## - PUBLICATION, DISTRIBUTION, ETC. (IMPRINT)
Place of publication, distribution, etc Sonora, México :
Name of publisher, distributor, etc Gobierno del Estado de Sonora;
-- Instituto de Investigaciones Dr. José María Luis Mora,
Date of publication, distribution, etc 1989.
300 ## - PHYSICAL DESCRIPTION
Extent 2 t. ;
Dimensions 21 cm.
651 #7 - SUBJECT ADDED ENTRY--GEOGRAPHIC NAME
Source of heading or term lemb
Geographic name Sonora
General subdivision Historia
Form subdivision Fuentes
700 1# - ADDED ENTRY--PERSONAL NAME
Personal name Cuevas Arámburu, Mario,
Relator term compilador.
942 ## - ADDED ENTRY ELEMENTS (KOHA)
Source of classification or shelving scheme Biblioteca del Cogreso de los Estados Unidos
Koha item type Libro
Holdings
Estado de pérdida Fuente de clasificación Estado del daño No para préstamo Ubicación permanente Ubicación actual Apartado o colección Fecha de adquisición Edición Enumeración de Serie / Cronológica Dependencia de educación superior (DES) Área del conocimiento Total Checkouts Clasificación Código de Barras Date last seen Número de copia Costo por reposición Tipo de recurso
  Biblioteca del Cogreso de los Estados Unidos     Biblioteca del Instituto de Investigaciones Históricas Biblioteca del Instituto de Investigaciones Históricas General 13/10/2021 1a ed. V.1 Humanidades Ciencias Sociales y Administrativas   F1346.5 S66 1989 IIH000031306 13/10/2021 1 1.00 Libro
  Biblioteca del Cogreso de los Estados Unidos     Biblioteca del Instituto de Investigaciones Históricas Biblioteca del Instituto de Investigaciones Históricas General 13/10/2021 1a ed. V.1 Humanidades Ciencias Sociales y Administrativas   F1346.5 S66 1989 IIH000031307 13/10/2021 2 1.00 Libro
  Biblioteca del Cogreso de los Estados Unidos     Biblioteca del Instituto de Investigaciones Históricas Biblioteca del Instituto de Investigaciones Históricas General 13/10/2021 1a ed. V.2 Humanidades Ciencias Sociales y Administrativas   F1346.5 S66 1989 IIH000031308 13/10/2021 1 1.00 Libro